[Event "TCh-ROU League A 2012"]
[Site "Olanesti ROU"]
[Date "2012.10.11"]
[Round "6.5"]
[White "Vasile,Cl"]
[Black "Martian,D"]
[Result "1-0"]
[WhiteElo "2110"]
[BlackElo "2125"]

1.e4 c5 2.Nf3 e6 3.d4 cxd4 4.Nxd4 a6 5.Bd3 Bc5 6.Nb3 Be7 7.c4 d6 8.O-O Nf6
9.Nc3 Qc7 10.Be3 b6 11.a4 Nc6 12.f4 O-O 13.Rc1 Nb4 14.Bb1 Bb7 15.Kh1 Rac8
16.Nd4 Qb8 17.Qb3 d5 18.cxd5 exd5 19.Nf5 Bc5 20.Bxc5 bxc5 21.Ne7+ Kh8 22.Nxc8 Rxc8
23.Nxd5 Nfxd5 24.exd5 Bxd5 25.Qh3 h6 26.Qf5 g6 27.Qh3 Qb7 28.Qxh6+ Kg8 29.Qg5 Re8
30.Rce1 Be4 31.f5 Qd5 32.Bxe4 Rxe4 33.Rxe4 Qxe4 34.fxg6 Qxg6 35.Qxg6+ fxg6
36.Rc1 Nd3 37.Rc3 Nxb2 38.a5  1-0

[Event "Trans-Europa-Schach-Express 2012"]
[Site "Potsdam GER"]
[Date "2012.10.13"]
[Round "2.6"]
[White "Nowicki,B"]
[Black "Grandadam,P"]
[Result "1/2-1/2"]
[WhiteElo "2128"]
[BlackElo "2193"]

1.e4 c5 2.Nf3 e6 3.d4 cxd4 4.Nxd4 a6 5.Bd3 Bc5 6.Nb3 Be7 7.Qg4 g6 8.O-O Nf6
9.Qe2 O-O 10.Bh6 Re8 11.Nc3 Nc6 12.e5 Nh5 13.f4 d5 14.Rf3 Ng7 15.Rh3 Nf5
16.g4 Nxh6 17.Rxh6 Bf8 18.Rh3 f6 19.exf6 Qxf6 20.Nxd5 exd5 21.Qxe8 Bxg4 22.Qxa8 Bxh3
23.Qxb7 Qxf4 24.Rf1 Qg5+ 25.Kf2 Qf4+ 26.Kg1 Qg5+ 27.Kf2 Qf6+ 28.Kg1 Bxf1
29.Bxf1 Bc5+ 30.Nxc5 Qd4+ 31.Kh1 Qxc5 32.Bh3 Qxc2 33.Be6+ Kh8 34.Qf7 Qc1+
35.Kg2 Qxb2+ 36.Kh3 Qa3+ 37.Kg2 Qxa2+ 38.Kh3 Qb3+ 39.Kg2 Qc2+ 40.Kh3 Qd3+
41.Kg2 Qe2+ 42.Kh3 Qe3+ 43.Kg2 Qe4+ 44.Kh3 Qe3+ 45.Kg2  1/2-1/2

[Event "TCh-ROU League A 2012"]
[Site "Olanesti ROU"]
[Date "2012.10.14"]
[Round "9.4"]
[White "Petrescu,C"]
[Black "Martian,D"]
[Result "0-1"]
[WhiteElo "2039"]
[BlackElo "2125"]

1.e4 c5 2.Nf3 e6 3.d4 cxd4 4.Nxd4 a6 5.Bd3 Nf6 6.O-O Qc7 7.Qe2 d6 8.Nc3 Be7
9.a4 b6 10.Kh1 Bb7 11.f4 Nbd7 12.Bd2 Qc5 13.Nb3 Qh5 14.Qxh5 Nxh5 15.Rae1 O-O-O
16.Kg1 g6 17.Be3 Rhg8 18.Be2 Ng7 19.Bf3 Nc5 20.Nxc5 dxc5 21.Kf2 f6 22.Rd1 Kc7
23.Rxd8 Rxd8 24.Rd1 Rf8 25.Be2 f5 26.e5 g5 27.Bf3 Bxf3 28.Kxf3 g4+ 29.Ke2 h5
30.Nb1 Kc6 31.Na3 Ne8 32.Rd3 Nc7 33.Bd2 b5 34.axb5+ axb5 35.c4 b4 36.Nc2 Ra8
37.Kd1 Ne8 38.Kc1 Ng7 39.Be3 h4 40.Rd1 Nh5 41.Kb1 Rd8 42.Kc1 Rb8 43.Kd2 Ra8
44.Ra1 Rxa1 45.Nxa1 Bf8 46.Nb3 Bh6 47.Nxc5 Bxf4 48.Nd3 Bxh2 49.Nxb4+ Kb7
50.Nd3 f4 51.Bd4 f3 52.Ne1 Bf4+ 53.Kd3 Bg3 54.Kd2 f2 55.Bxf2 Bxf2 56.Nd3 Bd4
57.Ke2 Ng3+ 58.Ke1 h3 59.gxh3 gxh3  0-1

[Event "NIT Nagpur GM Open 2012"]
[Site "Nagpur IND"]
[Date "2012.10.16"]
[Round "1.4"]
[White "Jaiswar,S"]
[Black "Vovk,A"]
[Result "0-1"]
[WhiteElo "2058"]
[BlackElo "2564"]

1.e4 c5 2.Nf3 e6 3.d4 cxd4 4.Nxd4 a6 5.Bd3 Qc7 6.O-O Nf6 7.Qe2 d6 8.c4 g6
9.b3 Bg7 10.Bb2 O-O 11.Na3 b6 12.Rae1 Bb7 13.Nac2 Nbd7 14.Nf3 Nc5 15.Bxf6 Bxf6
16.Ne3 Bg7 17.Nd2 b5 18.Rc1 b4 19.f4 Rfe8 20.Ng4 f5 21.Nf2 Bc6 22.Bc2 Qb7
23.Rfe1 Rad8 24.h4 Bc3 25.Rcd1 e5 26.exf5 exf4 27.Qg4 Rxe1+ 28.Rxe1 Bxd2
29.Qg5 Re8 30.Rxe8+ Bxe8 31.fxg6 h6 32.Qxh6 Qe7 33.Kh2 Be1 34.Qxf4 Ne6 35.Qe3 Bc3
36.g3 Bd4 37.Qe2 Be5 38.Qh5 Qf6 39.Ng4 Bxg3+ 40.Kxg3 Qc3+ 41.Kf2 Qxc2+ 42.Kg1 Qb1+
43.Kf2 Qxa2+ 44.Ke1 Qb1+ 45.Kf2 Qb2+ 46.Ke1 Qc1+ 47.Kf2 Qc2+ 48.Ke1 Bxg6
49.Qd5 Qc3+ 50.Kf2 Qd4+ 51.Ne3 Qxd5 52.Nxd5 a5 53.Ne7+ Kf7 54.Nc6 a4 55.Nxb4 axb3  0-1

[Event "NIT Nagpur GM Open 2012"]
[Site "Nagpur IND"]
[Date "2012.10.17"]
[Round "3.19"]
[White "Hossain,Enam"]
[Black "Swathi,G"]
[Result "1-0"]
[WhiteElo "2481"]
[BlackElo "2263"]

1.e4 c5 2.Nf3 e6 3.d4 cxd4 4.Nxd4 a6 5.Bd3 Bc5 6.Nb3 Be7 7.Be3 Qc7 8.N1d2 d6
9.f4 Nf6 10.Qe2 Nc6 11.O-O-O b5 12.Kb1 Bb7 13.Rc1 O-O 14.g4 Rfc8 15.g5 Nd7
16.h4 Nb4 17.h5 Nf8 18.Rhg1 Nxd3 19.cxd3 Qd7 20.Rcf1 d5 21.f5 exf5 22.exf5 d4
23.Bxd4 Re8 24.Qf2 Bb4 25.h6 Bxd2 26.Nxd2 Rad8 27.Rg4 Qe7 28.hxg7 Nd7 29.Qh4 Ne5
30.Re1 Qd7 31.Ne4 Bxe4 32.Rgxe4 Qxf5 33.Qg3 Rxd4 34.Rxd4 Re6 35.Rd5 Qf3 36.Qxf3 Nxf3
37.Rxe6 fxe6 38.Rd6 Nxg5 39.Rxa6 Kxg7 40.Rb6  1-0

[Event "Copenhagen Cup IMA 2012"]
[Site "Copenhagen DEN"]
[Date "2012.10.19"]
[Round "5.2"]
[White "Ochsner,B"]
[Black "Kvisvik,B"]
[Result "1-0"]
[WhiteElo "2322"]
[BlackElo "2342"]

1.e4 c5 2.Nf3 e6 3.d4 cxd4 4.Nxd4 a6 5.Bd3 Bc5 6.Nb3 Ba7 7.O-O Nc6 8.c4 Nf6
9.Nc3 d6 10.Bg5 h6 11.Bf4 O-O 12.Rc1 Qe7 13.Qd2 Rd8 14.Be2 Qf8 15.Be3 Nd7
16.Bxa7 Rxa7 17.Rfd1 Nc5 18.Nd4 Ra8 19.Nxc6 bxc6 20.b4 Nb7 21.Na4 a5 22.Nb6 Ra7
23.a3 Qe7 24.Qe3 c5 25.b5 a4 26.e5 Qc7 27.Nxc8 Qxc8 28.Bf3 Na5 29.Rxd6 Rxd6
30.exd6 Rd7 31.Qe5 Qd8 32.Rd1 Qb6 33.Qe4 Rd8 34.d7 Qc7 35.g3 g6 36.h4 h5
37.Kg2 Kf8 38.Qd3 Ke7 39.Qc2 Nb3 40.Bc6 Qa5 41.Qb2 Qc7 42.Qc2 Qa5 43.Qb2 Qc7
44.Qe2 Nd4 45.Qe3 e5 46.Kh2 Kf8 47.Re1 Rxd7 48.Bxd7 Qxd7 49.Kg2 f6 50.Qh6+ Kf7
51.Qh7+ Ke6 52.Qg8+ Kf5 53.Qa8 Ke6 54.b6 f5 55.b7 Qc6+ 56.Kh3 g5 57.Qc8+ Kf7
58.Qxc6 g4+ 59.Kg2 Nxc6 60.Rxe5  1-0

[Event "NIT Nagpur GM Open 2012"]
[Site "Nagpur IND"]
[Date "2012.10.19"]
[Round "6.13"]
[White "Ziatdinov,R"]
[Black "Hossain,Enam"]
[Result "1-0"]
[WhiteElo "2384"]
[BlackElo "2481"]

1.e4 c5 2.Nf3 e6 3.d4 cxd4 4.Nxd4 a6 5.Bd3 Nf6 6.O-O Qc7 7.Nd2 Bc5 8.N2f3 d6
9.Bg5 Nbd7 10.Nb3 Ba7 11.Qd2 h6 12.Bh4 g5 13.Bg3 e5 14.Na5 Nc5 15.Rfe1 Be6
16.b4 Ncd7 17.c4 Nh5 18.Rac1 Nxg3 19.hxg3 Ke7 20.Red1 f6 21.Be2 h5 22.c5 dxc5
23.Bc4 Bg4 24.Qd5 Rh7 25.Nxb7 Nb6 26.Qxc5+ Qxc5 27.bxc5 Nxc4 28.Rxc4 h4 29.Nd6 hxg3
30.fxg3 Ke6 31.Nf5 Bxf5 32.exf5+ Kxf5 33.g4+ Kg6 34.Rd6 Re7 35.Kf1 Rc8 36.c6 Bb8
37.Rd2 Bc7 38.Rd7 Bd8 39.Nd2 Rxd7 40.cxd7 Rxc4 41.Nxc4 Kf7 42.Ke2 Ke6 43.Kd3 Kxd7
44.Nd2 Kc6 45.Kc4 Kb6 46.Ne4 Ka5 47.Nc3 Be7 48.Nd5 Bd8 49.Nc3 Bb6 50.Nd5 e4
51.Nxf6 e3 52.Kd3 Ka4 53.Ne4 Bd8 54.Nc5+ Kb5 55.Ne6 Be7 56.Nc7+ Kc6 57.Ne6 a5
58.Nd4+ Kd5 59.Nf5 Bc5 60.Nxe3+ Ke5 61.Nc4+ Kf4 62.Nxa5 Kxg4 63.Ke2 Kg3 64.Kf1 Kf4
65.a4 Ke4 66.Ke2 Bg1 67.Nb3 Ba7 68.Nd2+ Kf4 69.a5 g4 70.Nc4 Ke4  1-0

[Event "4th Marcel Duchamp Open"]
[Site "Buenos Aires ARG"]
[Date "2012.10.22"]
[Round "1.11"]
[White "Auernheimer,Juan"]
[Black "Madina Yadarola,M1"]
[Result "0-1"]
[WhiteElo "1897"]
[BlackElo "2239"]

1.e4 c5 2.Nf3 e6 3.d4 cxd4 4.Nxd4 a6 5.Bd3 Qb6 6.Nb3 Qc7 7.Nc3 b5 8.Qe2 b4
9.Nd1 Nf6 10.Ne3 d6 11.O-O Be7 12.Bd2 Nc6 13.Ng4 Nxg4 14.Qxg4 Bf6 15.f4 a5
16.Rae1 a4 17.Nc1 Bxb2 18.e5 Bd4+ 19.Kh1 dxe5 20.Ne2 f5 21.Qh5+ g6 22.Qg5 Bc5
23.fxe5 O-O 24.Bf4 Qg7 25.h4 Ba6 26.Nc1 Bxd3 27.Nxd3 Be7 28.Qg3 Rac8 29.Rc1 Rfd8
30.Rfd1 Na5 31.Bd2 Rc4 32.Bf4 Rdd4 33.Rf1 a3 34.Qf2 Qf8 35.g3 Qc8 36.Rfd1 Qd7
37.Qf3 Nc6 38.Ne1 Kf7 39.Kh2 Qc7 40.Rd3 Nxe5 41.Qe2 Re4 42.Qd2 Ng4+ 43.Kh3 Rxf4
44.gxf4 Rxf4 45.Rf3 Rd4 46.Qg2 Ne5 47.Re3 Rxh4+  0-1

[Event "4th Marcel Duchamp Open"]
[Site "Buenos Aires ARG"]
[Date "2012.10.24"]
[Round "3.29"]
[White "Auernheimer,Juan"]
[Black "Sanduay,N"]
[Result "1/2-1/2"]
[WhiteElo "1897"]
[BlackElo "2039"]

1.e4 c5 2.Nf3 e6 3.d4 cxd4 4.Nxd4 a6 5.Bd3 Nf6 6.Nc3 Qc7 7.Nb3 b5 8.a3 Bb7
9.Qe2 d6 10.O-O Nbd7 11.f4 Be7 12.Bd2 O-O 13.g4 g6 14.g5 Nh5 15.Rf3 f5 16.exf5 exf5
17.Qe6+ Kh8 18.Nd5 Ng7 19.Nxc7 Nxe6 20.Re3 Nxc7 21.Rxe7 Rfd8 22.Bc3+ Kg8
23.Rg7+ Kf8 24.Rxh7 Nd5 25.Bd2 Kg8 26.Rh6 Kg7 27.c4 bxc4 28.Bxc4 N7b6 29.Bd3 Rac8
30.Na5 Ba8 31.h4  1/2-1/2

[Event "5th Douglas Martinez"]
[Site "Guarenas VEN"]
[Date "2012.10.26"]
[Round "2.3"]
[White "Hernandez,Alex"]
[Black "Alvarez Pedraza,A"]
[Result "1-0"]
[WhiteElo "2259"]
[BlackElo "2526"]

1.e4 c5 2.Nf3 e6 3.d4 cxd4 4.Nxd4 a6 5.Bd3 Nf6 6.c4 Nc6 7.Nxc6 dxc6 8.O-O e5
9.Nc3 Bc5 10.Bg5 h6 11.Bh4 Qe7 12.Kh1 g5 13.Bg3 h5 14.f3 h4 15.Bf2 Nh5 16.Na4 Bxf2
17.Rxf2 Be6 18.b4 Qxb4 19.Rb1 Qa5 20.Bc2 Ke7 21.Rxb7+ Kf6 22.Rb6 Rad8 23.Qc1 Rd4
24.Rxc6 Rhd8 25.Rf1 h3 26.gxh3 Nf4 27.Nb6 Kg7 28.Nd5 Nxh3 29.f4 Bxd5 30.exd5 Nxf4
31.Qe3 Re8 32.Qg3 Qd8 33.Qg4 Rh8 34.Qf5 Qe7 35.Rg1 Nh3 36.Rc8 Rf4 37.d6 Nf2+
38.Kg2 Rxf5 39.dxe7 Rxc8 40.Bxf5 Re8 41.Kxf2 Kf6 42.Be4 Rxe7 43.Ke3 Rd7 44.c5  1-0

[Event "Vizag GM Open 2012"]
[Site "Visakhapatnam IND"]
[Date "2012.10.26"]
[Round "1.7"]
[White "Deepan,C"]
[Black "Nepal,P"]
[Result "1-0"]
[WhiteElo "2523"]
[BlackElo "1919"]

1.e4 c5 2.Nf3 e6 3.d4 cxd4 4.Nxd4 a6 5.Bd3 Nc6 6.Nxc6 bxc6 7.O-O d6 8.f4 g6
9.f5 Bg7 10.Nc3 Nh6 11.f6 Bf8 12.Be3 e5 13.h3 Ng8 14.Bc4 h5 15.Qd2 Qc7 16.Rad1 Bd7
17.Qf2 Qc8 18.Na4 Rb8 19.Nb6 Qb7 20.Rd3  1-0

[Event "Danilo Batricevic Mem Balkan GP"]
[Site "Cetinje MNE"]
[Date "2012.10.27"]
[Round "9.23"]
[White "Dedic,S"]
[Black "Hadzi Manev,L"]
[Result "0-1"]
[WhiteElo "1889"]
[BlackElo "2070"]

1.e4 c5 2.Nf3 e6 3.d4 cxd4 4.Nxd4 a6 5.Bd3 Bc5 6.Nb3 Be7 7.O-O Qc7 8.a4 b6
9.Be3 d6 10.a5 b5 11.Qe2 Nd7 12.Nd4 Ngf6 13.Nd2 Bb7 14.f3 Nc5 15.Rfc1 d5
16.exd5 Nxd5 17.Bf2 Bd6 18.g3 O-O 19.Ne4 Nxe4 20.Bxe4 Rac8 21.c3 h5 22.f4 h4
23.Kg2 Bxf4 24.Bxd5 Bxd5+ 25.Kh3 Bxc1 26.Rxc1 Qd7 27.g4 f5 28.Rg1 fxg4+ 29.Rxg4 e5
30.Nc2 Bf3  0-1

[Event "16th OIBM 2012"]
[Site "Bad Wiessee GER"]
[Date "2012.10.28"]
[Round "2.17"]
[White "Prusikin,M"]
[Black "Klee,H"]
[Result "1-0"]
[WhiteElo "2545"]
[BlackElo "2107"]

1.e4 c5 2.Nf3 e6 3.d4 cxd4 4.Nxd4 a6 5.Bd3 Nf6 6.O-O Qc7 7.Qe2 d6 8.c4 Be7
9.f4 Nbd7 10.b3 b6 11.Bb2 Bb7 12.Nc3 O-O 13.Kh1 g6 14.Rae1 Rfe8 15.e5 Nh5
16.f5 Bf8 17.fxe6 fxe6 18.exd6 Qxd6 19.Be4 Bxe4 20.Nxe4 Qe7 21.Nc6 Qh4 22.Qf3  1-0

[Event "ITT La Razon 2012"]
[Site "Villa Martelli ARG"]
[Date "2012.10.28"]
[Round "6.3"]
[White "Stewart,William John"]
[Black "Lujan,C"]
[Result "1/2-1/2"]
[WhiteElo "2253"]
[BlackElo "2379"]

1.e4 c5 2.Nf3 e6 3.d4 cxd4 4.Nxd4 a6 5.Bd3 Bc5 6.Nb3 Be7 7.c4 d6 8.Nc3 Nf6
9.O-O Nbd7 10.Be3 Qc7 11.f4 h5 12.h3 b6 13.a4 Rb8 14.Qc2 h4 15.Qf2 Nh5 16.a5 bxa5
17.Nxa5 Ng3 18.Rfb1 Bf6 19.Bd4 Bxd4 20.Qxd4 Qc5 21.Qxc5 dxc5 22.Na4 g5 23.Nc6 Rb3
24.Ra3 Rxa3 25.bxa3 gxf4 26.Kf2 Rh6 27.Na7 Ne5 28.Bc2 Bd7 29.Nxc5 Kf8 30.Rb7 Be8
31.Rb8 Ke7 32.Nc8+ Kf6 33.Na7 Ke7 34.Nc8+ Kd8 35.Na7+ Ke7 36.Nc8+  1/2-1/2

[Event "16th OIBM 2012"]
[Site "Bad Wiessee GER"]
[Date "2012.10.29"]
[Round "3.12"]
[White "Jussupow,E"]
[Black "Nikolov,Mo"]
[Result "0-1"]
[WhiteElo "2188"]
[BlackElo "2542"]

1.e4 c5 2.Nf3 e6 3.d4 cxd4 4.Nxd4 a6 5.Bd3 Nf6 6.Nc3 Qc7 7.O-O Be7 8.Kh1 d6
9.f4 Nbd7 10.Qe2 O-O 11.g4 Nc5 12.g5 Nfd7 13.f5 Re8 14.f6 Bf8 15.fxg7 Bxg7
16.Qh5 Ne5 17.Be3 b5 18.Rad1 b4 19.Nce2 Bb7 20.Ng3 d5 21.exd5 Ncxd3 22.cxd3 Qd7
23.Ne4 Qxd5 24.Rf4 Ng6 25.Rdf1 Nxf4 26.Rxf4 e5  0-1

[Event "4th Marcel Duchamp Premier"]
[Site "Buenos Aires ARG"]
[Date "2012.10.30"]
[Round "8"]
[White "Zuriel,M"]
[Black "Pichot,A"]
[Result "0-1"]
[WhiteElo "2217"]
[BlackElo "2300"]

1.e4 c5 2.Nf3 e6 3.d4 cxd4 4.Nxd4 a6 5.Bd3 Qc7 6.O-O Nf6 7.Qe2 d6 8.c4 Be7
9.Nc3 Nbd7 10.f4 h5 11.Nf3 b6 12.Bd2 Bb7 13.Rfe1 h4 14.b4 Nh5 15.a3 Rd8 16.Nd5 exd5
17.exd5 Ndf6 18.Nxh4 Bc8 19.Nf5 Bxf5 20.Bxf5 g6 21.Bd3 b5 22.f5 g5 23.Bxg5 Rg8
24.Bd2 bxc4 25.Bxc4 Rg4 26.Bxa6 Re4 27.Qb5+ Kf8 28.Bh6+ Kg8 29.Rxe4 Nxe4
30.Qe2 Nhf6 31.Bd3 Qc3 32.Re1 Bf8 33.Bc1 Re8 34.Bb2 Qc7 35.Qe3 Bg7 36.Rc1 Qb7
37.Kf1 Nxd5 38.Qe2 Ng3+ 39.hxg3 Rxe2  0-1

[Event "16th OIBM 2012"]
[Site "Bad Wiessee GER"]
[Date "2012.10.31"]
[Round "5.24"]
[White "Lampert,J"]
[Black "Martin Fernandez,R"]
[Result "1-0"]
[WhiteElo "2299"]
[BlackElo "2131"]

1.e4 c5 2.Nf3 e6 3.d4 cxd4 4.Nxd4 a6 5.Bd3 Bc5 6.Nb3 Ba7 7.Qg4 Nf6 8.Qg3 d6
9.Nc3 Nc6 10.Bg5 Ne5 11.f4 Nxd3+ 12.Qxd3 h6 13.Bxf6 Qxf6 14.g3 O-O 15.O-O-O Bb8
16.Rdf1 Bd7 17.g4 Bc6 18.h4 Qe7 19.g5 h5 20.f5 exf5 21.Rxf5 Ba7 22.Nd5 Qe6
23.Nd2 Rac8 24.Qf3 Bd4 25.Rf1 Bxd5 26.Rxd5 Be5 27.Qxh5 Rc7 28.Kb1 Rfc8 29.c3 b5
30.Qf3 g6 31.h5 gxh5 32.Qxh5 Bg7 33.Qf3 Rc5 34.Qd3 Rxd5 35.exd5 Qg6 36.Ne4 Re8
37.Nf6+ Bxf6 38.Qxg6+ fxg6 39.Rxf6  1-0

[Event "e2e4 Basingstoke Int Open"]
[Site "Basingstoke ENG"]
[Date "2012.10.31"]
[Round "8.12"]
[White "Kisteneva,L"]
[Black "Josse,Mar"]
[Result "1/2-1/2"]
[WhiteElo "2057"]
[BlackElo "2147"]

1.e4 c5 2.Nf3 e6 3.d4 cxd4 4.Nxd4 a6 5.Bd3 Bc5 6.Nb3 Ba7 7.O-O Nc6 8.c4 d6
9.Nc3 Nge7 10.Kh1 e5 11.Be3 O-O 12.Qd2 Kh8 13.Rad1 f5 14.Bxa7 Rxa7 15.exf5 Bxf5
16.Be4 Be6 17.Qxd6 Qxd6 18.Rxd6 Bxc4 19.Rfd1 Rxf2 20.Bxc6 Nxc6 21.Nc5 Ra8
22.Nxb7 Raf8 23.h3 Nd4 24.Rg1 Rxb2 25.Nc5 h6 26.Nd7 Rf5 27.Nxe5 Rxe5 28.Rxd4 Bxa2
29.Ra4 Be6 30.Rxa6 Rc2 31.Nb5 Bd5 32.Rg6 Be4 33.Rg4 Bxg2+ 34.R4xg2 Rxg2 35.Rxg2 Rxb5
36.Kh2 Rb4 37.Ra2 Kh7 38.Ra6 Rf4 39.Kg3 Rf6 40.Ra7 Kg6 41.Rb7 Rc6 42.Ra7 Kf6
43.Ra3 g6 44.Rf3+ Ke5 45.Ra3 g5 46.h4  1/2-1/2

[Event "16th OIBM 2012"]
[Site "Bad Wiessee GER"]
[Date "2012.11.02"]
[Round "7.10"]
[White "Lampert,J"]
[Black "Nikolov,Mo"]
[Result "1/2-1/2"]
[WhiteElo "2299"]
[BlackElo "2542"]

1.e4 c5 2.Nf3 e6 3.d4 cxd4 4.Nxd4 a6 5.Bd3 Bc5 6.Nb3 Ba7 7.Qg4 Nf6 8.Qg3 d6
9.Nc3 Nc6 10.Bg5 h6 11.Bd2 Ne5 12.Be2 b5 13.f4 Ng6 14.e5 dxe5 15.Bf3 exf4
16.Bxf4 Nd5 17.Nxd5 exd5 18.Bd6 Be6 19.O-O-O Qg5+ 20.Qxg5 hxg5 21.Bxd5 Bxd5
22.Rxd5 f6 23.Re1+ Kf7 24.Bc7 Rhe8 25.Rd7+  1/2-1/2

[Event "TCh-NOR Eliteserien 2012-13"]
[Site "Haraldsheim NOR"]
[Date "2012.11.02"]
[Round "5"]
[White "Guttulsrud,O"]
[Black "Borchgrevink,H"]
[Result "1/2-1/2"]
[WhiteElo "2181"]
[BlackElo "2280"]

1.e4 c5 2.Nf3 e6 3.d4 cxd4 4.Nxd4 a6 5.Bd3 Qc7 6.O-O Nf6 7.Qe2 d6 8.c4 Be7
9.Nc3 b6 10.f4 Bb7 11.Bd2 Nc6 12.Nc2 O-O 13.Kh1 Rfe8 14.Rae1 Rad8 15.a3 Nd7
16.Ne3 Nd4 17.Qd1 Nc5 18.Bb1 Ndb3 19.f5 Nxd2 20.Qxd2 Bg5 21.Qd1 Bxe3 22.Rxe3 exf5
23.Rxf5 g6 24.Rf1 Re5 25.b4 Ne6 26.Bd3 b5 27.Nd5 Bxd5 28.cxd5 Nf8 29.Qb1 Rc8
30.a4 Qb6 31.Ref3 Re7 32.axb5 axb5 33.Qa1 Nd7 34.Rh3 Ne5 35.Be2 Rc2 36.Qe1 Ra7
37.Bd1 Rc1 38.Rc3 Rc7 39.Rxc1 Rxc1 40.Qd2 Rc4 41.Bc2 Kg7 42.Bd3 Qd4 43.Qf4 Rc8
44.Bxb5 Qxb4 45.Bc6 Rb8 46.h3 Rf8 47.Qf6+ Kg8 48.Qe7 Qc4 49.Rf6 Nxc6 50.dxc6 Qxc6
51.Rxd6 Qc1+ 52.Kh2 Qf4+ 53.Kh1 Kg7 54.e5 Rc8 55.Rd1 Rc6 56.Re1 Qf2 57.Qb4 Rc4
58.Qb1 Rc2 59.Rg1 Re2 60.Qa1 Kh6 61.Qc1+ Qe3 62.Qf1 Rf2 63.Qe1 Qe2 64.Qc1+ Qd2
65.Qc5 Kg7 66.Qc4 Qe3 67.Qd5 Rf5 68.Qd6 Rxe5 69.Rf1 Re6 70.Qd7 Rf6 71.Rd1 Qe5
72.Qd2 Rf5 73.Qd3 h5 74.Kg1 Kh7 75.Qd2 Qe4 76.Qd3 Qf4 77.Qd4 Qg3 78.Qd3 Qf2+
79.Kh1 h4 80.Qd2 Qg3 81.Kg1 g5 82.Qc2 Kg6 83.Rf1 Qe3+ 84.Kh1 Qe5 85.Qd3 Kf6
86.Rd1 Kg7 87.Kg1 Rf4 88.Qd2 g4 89.hxg4 Rxg4 90.Kh1 Re4 91.Rf1 Qe6 92.Qg5+ Qg6
93.Qxg6+ Kxg6 94.Kh2 Re3 95.Ra1 f5 96.Ra4 Kg5 97.Kg1 Re4 98.Ra3 Kg4 99.Kf2 Rf4+
100.Kg1 Rb4 101.Rf3 Rb1+ 102.Kf2 Rb2+ 103.Kg1 Ra2 104.Kf1 f4 105.Rb3 Ra5
106.Rc3 Re5 107.Rc8 Rg5 108.Rf8 Kg3 109.Rb8 Kh2 110.Rb2 Kh1 111.Rf2 h3 112.gxh3 Rg1+
113.Ke2 Rg3 114.Rxf4 Rxh3  1/2-1/2

[Event "TCh-AUT 2012-13"]
[Site "Hohenems AUT"]
[Date "2012.11.02"]
[Round "1.3"]
[White "Groetz,H"]
[Black "Horvath,Cs1"]
[Result "1/2-1/2"]
[WhiteElo "2279"]
[BlackElo "2514"]

1.e4 c5 2.Nf3 e6 3.d4 cxd4 4.Nxd4 a6 5.Bd3 Bc5 6.Nb3 Be7 7.O-O d6 8.Nc3 Nd7
9.f4 b5 10.Qf3 Bb7 11.Qh3 Ngf6 12.a3 O-O 13.Bd2 e5 14.Rae1 exf4 15.Bxf4 Ne5
16.Kh1 Re8 17.Nd4 g6 18.Bg5 Rc8 19.Nf3 Nfd7 20.Be3 Bf6 21.Bd4 Bg7 22.Nxe5 Nxe5
23.Re2 h5 24.Qg3 Re7 25.h3 Qc7 26.Nd5 Bxd5 27.exd5 Rce8 28.Rfe1 Qb7 29.Bxe5 Bxe5
30.Qg5 Kg7 31.c4 bxc4 32.Bxc4 a5 33.b3 Qc7 34.a4 Qc5 35.Qe3 Qb4 36.Qd3 h4
37.Re4 f5 38.R4e2 Kf6 39.Qf3 Qc5 40.Qf2 Qxf2 41.Rxf2 Bg3 42.Rxe7 Rxe7 43.Re2 Rxe2
44.Bxe2 Bf2 45.Bb5 Ke5 46.Bc6 g5 47.Kh2 Kd4 48.Bb7 Kc3 49.Bc8 Kxb3 50.Bd7 Kc4
51.Be6 Kd4 52.Bf7 Ke4 53.Be6 Bd4 54.Bf7 g4 55.hxg4 fxg4 56.Be6 Kf4 57.Bd7 Be5
58.Kg1 Kg3 59.Be6 Bd4+ 60.Kh1 Bc5 61.Bd7 Bb6 62.Be6 Ba7 63.Bd7 Be3 64.Be6 Bf2
65.Bd7 h3 66.gxh3 Kxh3 67.Be6 Kg3 68.Bf7 Kf3 69.Bh5 Bd4 70.Kh2 Be5+ 71.Kh1 Kg3
72.Kg1 Bd4+ 73.Kh1 Be3 74.Bg6 Kf2 75.Be4 Bf4 76.Bc2 Be5 77.Bf5 Kf3 78.Be6 g3
79.Bh3 Kf2 80.Bg2 Bd4 81.Be4 Ke3 82.Bf3 Kf2 83.Be4 Be5 84.Bg2 Ke3 85.Bh3 Kf3
86.Bg2+ Ke2 87.Bh3 Kd3 88.Kg2 Kc4 89.Be6 Kb4 90.Bd7 Kc4 91.Bc6 Kc5 92.Kf3 Kb4
93.Kg2 Kc4 94.Kf3 Kd4 95.Kg2 Kc5 96.Kf3  1/2-1/2

[Event "Vizag GM Open 2012"]
[Site "Visakhapatnam IND"]
[Date "2012.11.02"]
[Round "10.14"]
[White "Chandra,Akshat"]
[Black "Harutjunyan,G"]
[Result "1/2-1/2"]
[WhiteElo "2269"]
[BlackElo "2446"]

1.e4 c5 2.Nf3 e6 3.d4 cxd4 4.Nxd4 a6 5.Bd3 Bc5 6.Nb3 Be7 7.Be3 d6 8.N1d2 Nd7
9.f4 Ngf6 10.Qe2 Qc7 11.O-O-O b6 12.g4 Nc5 13.g5 Nfd7 14.Kb1 b5 15.Rhf1 Na4
16.h4 Ndb6 17.f5 e5 18.h5 Nc3+ 19.bxc3 Na4 20.Kc1 Nxc3 21.Qf3 d5 22.Nb1 d4
23.Bd2 b4 24.f6 gxf6 25.gxf6 Bf8 26.Rde1 Be6 27.Nxc3 bxc3 28.Bg5 Rg8 29.Rg1 Qd7
30.Qg3 h6 31.Qxe5 hxg5 32.Qxd4 Ba3+ 33.Kb1 Qxd4 34.Nxd4 Rb8+ 35.Ka1 Bb2+
36.Kb1 Ba3+ 37.Ka1 Kd7 38.Nxe6 Bb2+ 39.Kb1 Ba3+ 40.Ka1 Bb2+ 41.Kb1  1/2-1/2

[Event "TCh-NOR Eliteserien 2012-13"]
[Site "Haraldsheim NOR"]
[Date "2012.11.03"]
[Round "2"]
[White "Guttulsrud,O"]
[Black "Haugli,P"]
[Result "1/2-1/2"]
[WhiteElo "2181"]
[BlackElo "2293"]

1.e4 c5 2.Nf3 e6 3.d4 cxd4 4.Nxd4 a6 5.Bd3 Bc5 6.Nb3 Ba7 7.Qg4 Nf6 8.Qg3 d6
9.Nc3 Nc6 10.O-O b5 11.Kh1 Ne5 12.f4 Nxd3 13.cxd3 b4 14.Ne2 O-O 15.f5 exf5
16.exf5 Kh8 17.Qh4 Bb7 18.Bg5 Rc8 19.Qxb4 Ba8 20.Rac1 Rxc1 21.Rxc1 Nd5 22.Qh4 f6
23.Bd2 Be3 24.Ned4 Nf4 25.Bxe3 Nxg2 26.Qg3 Nxe3+ 27.Kg1 Re8 28.Ne6 Nxf5 29.Nxd8 Nxg3
30.Rc8 Ne2+ 31.Kf2 Bd5 32.Nf7+ Bxf7 33.Rxe8+ Bxe8 34.Kxe2 Bf7 35.Nd4 Bxa2
36.b3 g5 37.Kd2 a5 38.Kc3 a4 39.bxa4 Bd5 40.a5 h5 41.Nb5 g4 42.Nc7 Bc6 43.Ne6 h4
44.Nf4 g3 45.hxg3 hxg3 46.Kd4 g2 47.Nh3 Kg7 48.Ke3 Kg6 49.Kf4 f5 50.d4 Kf6
51.Kg3 Be4 52.a6 Ke7 53.Kf2 Kd7 54.Nf4 Kc6 55.Nxg2 Kb6 56.Nf4 Kxa6 57.Ke3  1/2-1/2

[Event "TCh-HUN 2012-13"]
[Site "Nagykanizsa HUN"]
[Date "2012.11.04"]
[Round "3"]
[White "Gara,T"]
[Black "Erdelyi,T"]
[Result "1-0"]
[WhiteElo "2385"]
[BlackElo "2146"]

1.e4 c5 2.Nf3 e6 3.d4 cxd4 4.Nxd4 a6 5.Bd3 Bc5 6.Nb3 Be7 7.O-O d6 8.f4 Nd7
9.Qe2 Qc7 10.Nc3 Ngf6 11.Bd2 g6 12.Rae1 h5 13.Kh1 h4 14.e5 Nh5 15.exd6 Qxd6
16.Ne4 Qc7 17.Bc3 Nhf6 18.Ng5 Nf8 19.f5 gxf5 20.Rxf5 Rh6 21.Rff1 Bd7 22.Nd4 Bc6
23.Nxc6 Qxc6 24.Rf3 N8d7 25.Ref1 Qc7 26.Re3 Qc5 27.Ne4 Nxe4 28.Bxe4 Qb6 29.Bg7 Rh5
30.Qxh5 Qxe3 31.Qxf7+ Kd8 32.Bxb7 Rb8 33.Bc6 h3 34.gxh3 Rb6 35.Qf3 Qc5 36.Be4 Bd6
37.Rd1 Rb4 38.Qd3 Kc7 39.Bd4 Qh5 40.a3 Rb5 41.Bf2  1-0

[Event "Subzonal 2.3 2012"]
[Site "Pamplona COL"]
[Date "2012.11.05"]
[Round "2.7"]
[White "Contreras,H"]
[Black "Zuluaga,C"]
[Result "0-1"]
[WhiteElo "2211"]
[BlackElo "2370"]

1.e4 c5 2.Nf3 e6 3.d4 cxd4 4.Nxd4 a6 5.Bd3 Nf6 6.O-O Qc7 7.Kh1 d6 8.f4 Nbd7
9.Nf3 Nc5 10.Qe2 Be7 11.b4 Nxd3 12.cxd3 O-O 13.Bd2 Bd7 14.Nc3 Rfc8 15.Rfc1 Qd8
16.a3 Bf8 17.Nd4 h6 18.f5 e5 19.Nc2 d5 20.exd5 Bxf5 21.Ne3 Bh7 22.Rf1 b5
23.Rf3 e4 24.dxe4 Nxe4 25.Nxe4 Bxe4 26.Rg3 Bg6 27.Rf1 Bd6 28.Rgf3 Qh4 29.h3 Re8
30.Be1 Qe4 31.Bg3 Bxg3 32.Rxg3 Rad8 33.Qb2 Qe5 34.Qf2 Rd6 35.Rf3 Rd7 36.Rc1 Be4
37.Rg3 f5 38.Rf1 Rf8 39.Rg6 Rd6 40.Ng4 Qxd5 41.Nxh6+ Kh7 42.Rxd6 Qxd6 43.Ng4 Kg8
44.Nh2 Qd3 45.Nf3 Rc8 46.Ng5 Rc2 47.Qf4 Bxg2+ 48.Kg1 Qxf1+  0-1

[Event "US Chess League 2012"]
[Site "ICC INT"]
[Date "2012.11.07"]
[Round "10"]
[White "Herman,Ma"]
[Black "Gulko,B"]
[Result "1/2-1/2"]
[WhiteElo "2385"]
[BlackElo "2533"]

1.e4 c5 2.Nf3 e6 3.d4 cxd4 4.Nxd4 a6 5.Bd3 Bc5 6.Nb3 Be7 7.Be3 Nf6 8.f4 d6
9.N1d2 b6 10.Qe2 Bb7 11.O-O-O Nc6 12.c3 b5 13.Nf3 Qc7 14.Kb1 e5 15.f5 b4
16.c4 Nd7 17.g4 a5 18.g5 a4 19.Nbd2 Nc5 20.h4 a3 21.b3 O-O-O 22.Bc2 h6 23.Qg2 Rdg8
24.Rh3 Kb8 25.Rg1 Qd8 26.Rg3 hxg5 27.hxg5 Qf8 28.g6 fxg6 29.Rxg6 Bf6 30.Qf2 Rh5
31.R6g4 Rgh8 32.Nf1 Rh3 33.Ng3 Qe7 34.Ne2 Nd4 35.Nfxd4 exd4 36.Bxd4 Nxe4
37.Bxe4 Bxe4+ 38.Kc1 Rh2 39.Bxf6 Qxf6 40.Qb6+ Bb7 41.Nd4 Qh6+ 42.Rg5 Rxa2
43.Nc6+ Kc8 44.Na7+ Kb8 45.Nc6+ Kc8 46.Na7+ Kb8 47.Nc6+ Kc8 48.Na7+ Kb8 49.Nc6+ Kc8
50.Na7+ Kb8  1/2-1/2

[Event "WY BU14 2012"]
[Site "Maribor SLO"]
[Date "2012.11.08"]
[Round "1.32"]
[White "Bennett,Rhys"]
[Black "Asgarizadeh,A"]
[Result "0-1"]
[WhiteElo "1769"]
[BlackElo "2170"]

1.e4 c5 2.Nf3 e6 3.d4 cxd4 4.Nxd4 a6 5.Bd3 Nf6 6.O-O Qc7 7.Nc3 d6 8.a4 b6
9.Be3 Bb7 10.Nb3 Nbd7 11.f4 g6 12.g4 h6 13.Qe2 Bg7 14.Bd2 Nc5 15.Nxc5 bxc5
16.h3 Qc6 17.b3 O-O 18.Rae1 Rac8 19.f5 exf5 20.gxf5 Rce8 21.Qf2 Kh7 22.fxg6+ fxg6
23.Qg3 Re5 24.Bf4 Nh5 25.Qh2 Nxf4 26.Rxf4 Rg5+ 27.Kh1 Rxf4 28.Qxf4 Qd7 29.Nd5 Qxh3+  0-1

[Event "WY GU18 2012"]
[Site "Maribor SLO"]
[Date "2012.11.08"]
[Round "1.16"]
[White "Efroimski,M"]
[Black "Forsa,E"]
[Result "1-0"]
[WhiteElo "2168"]
[BlackElo "1836"]

1.e4 c5 2.Nf3 e6 3.d4 cxd4 4.Nxd4 a6 5.Bd3 Nf6 6.Nc3 Qc7 7.Be3 b5 8.f4 Bb7
9.Qf3 Bc5 10.a3 d6 11.Nce2 Qa5+ 12.Kf2 Qc7 13.Rhe1 Nbd7 14.Kg1 b4 15.axb4 Bxb4
16.c3 Bc5 17.b4 Bb6 18.Kh1 O-O 19.Ra3 Kh8 20.Nb3 d5 21.Bxb6 Nxb6 22.e5 Ne4
23.Na5 Nd2 24.Qh3 Ne4 25.Qe3 Bc6 26.Bxe4 dxe4 27.Qc5 Rfc8 28.Nxc6 Qxc6 29.Qxc6 Rxc6
30.Nd4 Rc4 31.f5 exf5 32.Nxf5 e3 33.Nd6 Rc7 34.Rxe3 Kg8 35.g3 Re7 36.c4 Kf8
37.Ra5 Rd7 38.Rea3 Nc8 39.Rxa6 Rxa6 40.Rxa6 Nxd6 41.exd6 Ke8 42.c5 Rb7 43.c6  1-0